Spanish 5000 # 18 - Nouns (Feminine, Hard) - Statistics

General Stats
  • This quiz has been taken 63 times
  • The average score is 22 of 181
Answer Stats
English Spanish % Correct
goddess diosa
67%
mountain range cordillera
56%
flour harina
56%
sleeve manga
56%
sidewalk acera
44%
scholarship, grant beca
44%
interview, meeting entrevista
44%
tool herramienta
44%
cheek mejilla
44%
fashion, form moda
44%
eyelash pestaña
44%
network, net, system red
44%
silk seda
44%
ink tinta
44%
widow viuda
44%
small village aldea
33%
spark chispa
33%
(city) block cuadra
33%
delivery entrega
33%
time, age, period época
33%
strike, protest huelga
33%
stain, spot mancha
33%
half, middle mitad
33%
dove paloma
33%
nightmare pesadilla
33%
whore, prostitute puta
33%
root raíz
33%
update, modernization actualización
22%
needle, spire, stylus aguja
22%
feeding, food alimentación
22%
threat amenaza
22%
approval, consent aprobación
22%
bullet, shot bala
22%
bubble burbuja
22%
mockery, joke, trick burla
22%
snail, shell caracol
22%
highway, road carretera
22%
nearness, proximity cercanía
22%
scar cicatriz
22%
firm, company, venture empresa
22%
foam, lather espuma
22%
arrow, dart flecha
22%
inheritance, legacy herencia
22%
jewel, treasure joya
22%
shit, crap, excrement mierda
22%
city wall muralla
22%
screen, monitor pantalla
22%
clue, track, trace pista
22%
advantage, benefit ventaja
22%
(vehicle) window ventanilla
22%
embarrassment vergüenza
22%
(el) (meeting) proceedings, minutes acta
11%
present (time) actualidad
11%
warning, notice advertencia
11%
group, association agrupación
11%
opening, beginning apertura
11%
wager, bet apuesta
11%
wrinkle arruga
11%
playing field, court cancha
11%
lack, shortage carencia
11%
ash ceniza
11%
figure, number, amount cifra
11%
summit, peak, top cima
11%
tape, ribbon, film, strip cinta
11%
breeding, raising cría
11%
goodbye, farewell despedida
11%
hardness, toughness dureza
11%
scarcity, shortage escasez
11%
writing, scripture escritura
11%
requirement, demand exigencia
11%
index card, chip, token ficha
11%
office of the public prosecutor fiscalía
11%
flight, escape fuga
11%
claw, fang garra
11%
management, step, negotiation gestión
11%
tour gira
11%
rubber goma
11%
drop gota
11%
recording grabación
11%
restlessness, anxiety inquietud
11%
flood, deluge inundación
11%
rage, wrath ira
11%
madness, insanity locura
11%
nun monja
11%
fine, penalty, citation multa
11%
wave, ripple onda
11%
prayer oración
11%
shore, edge orilla
11%
game, match, departure partida
11%
guideline, rule, standard pauta
11%
fight, quarrel pelea
11%
trouble, valer la p.: be of worth pena
11%
dam, prisoner (f) presa
11%
complaint queja
11%
branch, bough, limb rama
11%
suspicion sospecha
11%
auction subasta
11%
tenderness ternura
11%
stupidity, stupid thing tontería
11%
position, location ubicación
11%
housing, dwelling vivienda
11%
will, willpower, intention voluntad
11%
performance, acting actuación
0%
fondness, interest afición
0%
statement, assertion afirmación
0%
bitterness, sorrow amargura
0%
enlargement, extension ampliación
0%
contribution, support aportación
0%
settlement, colony asentamiento
0%
subject, course asignatura
0%
atrocity barbaridad
0%
cellar, pantry, warehouse bodega
0%
vault, dome bóveda
0%
training capacitación
0%
hearty laughter, guffaw carcajada
0%
folder, file carpeta
0%
chance, coincidence casualidad
0%
academic chair cátedra
0%
police station comisaría
0%
sentence (in prison), penalty condena
0%
watchword, motto, slogan consigna
0%
perseverance constancia
0%
hiring, recruitment contratación
0%
call, summons convocatoria
0%
socket, basin, bowl cuenca
0%
summit, top cumbre
0%
cradle, birth, lineage cuna
0%
accusation denuncia
0%
defeat, loss derrota
0%
distrust desconfianza
0%
misfortune, bad luck desgracia
0%
inequality, unevenness desigualdad
0%
reduction, decrease disminución
0%
currency, emblem divisa
0%
production elaboración
0%
poll, survey, inquiry encuesta
0%
teaching, instruction enseñanza
0%
insides, bowels entrañas
0%
stage, period etapa
0%
invoice, bill factura
0%
purpose, aim finalidad
0%
property, estate finca
0%
range, musical scale gama
0%
desire ganas
0%
deed, heroic feat hazaña
0%
trace, track, footstep huella
0%
uncertainty incertidumbre
0%
ocurrence, impact incidencia
0%
nature, temperament índole
0%
cage, crate, playpen jaula
0%
(working) day, shift jornada
0%
sheet (of metal) lámina
0%
firewood leña
0%
injury, wound, harm lesión
0%
plain, prairie, plainness llanura
0%
measurement medición
0%
compassion, mercy misericordia
0%
face, grimace mueca
0%
spacecraft, ship nave
0%
work, book, deed obra
0%
boarding house pensión
0%
semidarkness, twilight penumbra
0%
membership, property pertenencia
0%
(baptismal) font, battery, heap pila
0%
planning, design planificación
0%
template, stencil plantilla
0%
cover, title page portada
0%
benefit, lending of service prestación
0%
forecast, precaution previsión
0%
burst, gust ráfaga
0%
grill, railing reja
0%
headquarters, seat sede
0%
request, application solicitud
0%
survival supervivencia
0%
rate, fee, levy tasa
0%
outlet, dose, making toma
0%
plot, theme trama
0%
truce, rest tregua
0%
validity vigencia
0%
link, connection vinculación
0%
eve víspera
0%
No matching quizzes found
Score Distribution
Percent of People with Each Score
Percentile by Number Answered
Your Score History
You have not taken this quiz